[Event "DVM U16 2018"]
[Site "Aurich GER"]
[Date "2018.12.30"]
[Round "7"]
[White "Nguyen, Alex Dac-Vuong"]
[Black "Garbuz, Vitaliy"]
[Result "1-0"]
[Termination "normal"]
[Board "1.1"]
[WhiteElo "2201"]
[BlackElo "2119"]
[WhiteClock "00:26:56"]
[BlackClock "00:00:34"]
[WhiteTeam "SG Leipzig"]
[BlackTeam "SF Brackel"]
[PlyCount "81"]
[WhiteFideId "12984388"]
[BlackFideId "12990710"]
[EventCountry "GER"]
[EventRounds "7"]
[EventType "team-swiss"]
[EventDate "2018.12.26"]

1. e4 {[%clk 01:30:57]} {[%emt 00:00:02]} c5 {[%clk 01:30:52]} {[%emt
00:00:08]} 2. Nf3 {[%clk 01:31:21]} {[%emt 00:00:06]} d6 {[%clk 01:31:17]}
{[%emt 00:00:05]} 3. d4 {[%clk 01:31:48]} {[%emt 00:00:04]} cxd4 {[%clk
01:31:42]} {[%emt 00:00:04]} 4. Nxd4 {[%clk 01:32:12]} {[%emt 00:00:06]} Nf6
{[%clk 01:32:07]} {[%emt 00:00:04]} 5. f3 {[%clk 01:29:14]} {[%emt 00:03:29]}
e5 {[%clk 01:32:10]} {[%emt 00:00:27]} 6. Nb3 {[%clk 01:29:39]} {[%emt
00:00:05]} d5 {[%clk 01:31:57]} {[%emt 00:00:43]} 7. Bg5 {[%clk 01:30:03]}
{[%emt 00:00:07]} Be6 {[%clk 01:32:01]} {[%emt 00:00:26]} 8. Bxf6 {[%clk
01:30:26]} {[%emt 00:00:07]} gxf6 {[%clk 01:32:25]} {[%emt 00:00:06]} 9. exd5
{[%clk 01:30:49]} {[%emt 00:00:06]} Qxd5 {[%clk 01:32:31]} {[%emt 00:00:24]}
10. Qxd5 {[%clk 01:31:11]} {[%emt 00:00:08]} Bxd5 {[%clk 01:32:53]} {[%emt
00:00:08]} 11. Nc3 {[%clk 01:31:12]} {[%emt 00:00:29]} Be6 {[%clk 01:32:49]}
{[%emt 00:00:35]} 12. O-O-O {[%clk 01:30:03]} {[%emt 00:01:39]} a6 {[%clk
01:22:57]} {[%emt 00:10:21]} 13. Bd3 {[%clk 01:19:31]} {[%emt 00:11:02]} Nc6
{[%clk 01:11:26]} {[%emt 00:12:00]} 14. Be4 {[%clk 01:18:59]} {[%emt 00:01:02]}
f5 {[%clk 01:01:49]} {[%emt 00:10:07]} 15. Bxc6+ {[%clk 01:17:30]} {[%emt
00:02:00]} bxc6 {[%clk 01:02:01]} {[%emt 00:00:18]} 16. Rhe1 {[%clk 01:17:46]}
{[%emt 00:00:14]} Bh6+ {[%clk 00:55:31]} {[%emt 00:07:00]} 17. Kb1 {[%clk
01:18:06]} {[%emt 00:00:10]} f6 {[%clk 00:50:33]} {[%emt 00:05:27]} 18. Nc5
{[%clk 01:17:23]} {[%emt 00:01:14]} Ke7 {[%clk 00:49:01]} {[%emt 00:02:01]} 19.
Nxe6 {[%clk 01:12:32]} {[%emt 00:05:22]} Kxe6 {[%clk 00:49:26]} {[%emt
00:00:05]} 20. Ne2 {[%clk 01:12:56]} {[%emt 00:00:07]} c5 {[%clk 00:41:15]}
{[%emt 00:08:40]} 21. c4 {[%clk 01:12:45]} {[%emt 00:00:40]} Rhd8 {[%clk
00:40:59]} {[%emt 00:00:46]} 22. Kc2 {[%clk 01:13:08]} {[%emt 00:00:08]} Be3
{[%clk 00:40:32]} {[%emt 00:00:57]} 23. Rd5 {[%clk 01:05:20]} {[%emt 00:08:18]}
Bd4 {[%clk 00:35:44]} {[%emt 00:05:18]} 24. h3 {[%clk 00:59:08]} {[%emt
00:06:43]} Rxd5 {[%clk 00:32:30]} {[%emt 00:03:43]} 25. Nf4+ {[%clk 00:59:33]}
{[%emt 00:00:05]} Kf7 {[%clk 00:32:52]} {[%emt 00:00:06]} 26. Nxd5 {[%clk
01:00:00]} {[%emt 00:00:05]} f4 {[%clk 00:30:47]} {[%emt 00:02:36]} 27. Re2
{[%clk 00:56:59]} {[%emt 00:03:31]} Rg8 {[%clk 00:26:42]} {[%emt 00:04:34]} 28.
Kb3 {[%clk 00:53:42]} {[%emt 00:03:47]} Rg3 {[%clk 00:21:52]} {[%emt 00:05:20]}
29. Ka4 {[%clk 00:50:42]} {[%emt 00:03:30]} e4 {[%clk 00:21:37]} {[%emt
00:00:45]} 30. fxe4 {[%clk 00:50:35]} {[%emt 00:00:37]} f3 {[%clk 00:21:54]}
{[%emt 00:00:13]} 31. gxf3 {[%clk 00:51:00]} {[%emt 00:00:05]} Rxf3 {[%clk
00:20:37]} {[%emt 00:01:47]} 32. Ka5 {[%clk 00:51:07]} {[%emt 00:00:23]} Rxh3
{[%clk 00:16:45]} {[%emt 00:04:22]} 33. Kxa6 {[%clk 00:49:35]} {[%emt
00:02:02]} Be5 {[%clk 00:07:59]} {[%emt 00:09:15]} 34. Kb6 {[%clk 00:32:57]}
{[%emt 00:17:09]} Rd3 {[%clk 00:04:13]} {[%emt 00:04:14]} 35. a4 {[%clk
00:31:59]} {[%emt 00:01:29]} Rb3+ {[%clk 00:03:50]} {[%emt 00:00:53]} 36. Kxc5
{[%clk 00:32:15]} {[%emt 00:00:15]} h5 {[%clk 00:03:47]} {[%emt 00:00:33]} 37.
a5 {[%clk 00:31:40]} {[%emt 00:01:05]} h4 {[%clk 00:03:48]} {[%emt 00:00:30]}
38. a6 {[%clk 00:30:28]} {[%emt 00:01:41]} Bb8 {[%clk 00:02:21]} {[%emt
00:01:57]} 39. Kc6 {[%clk 00:27:39]} {[%emt 00:03:19]} h3 {[%clk 00:00:46]}
{[%emt 00:02:05]} 40. Nb6 {[%clk 00:26:40]} {[%emt 00:01:29]} h2 {[%clk
00:00:34]} {[%emt 00:00:42]} 41. Rxh2 {[%clk 00:26:56]} {[%emt 00:00:14]} 1-0

[Event "DVM U16 2018"]
[Site "Aurich GER"]
[Date "2018.12.30"]
[Round "7"]
[White "Kartsev, Nikolay"]
[Black "Faßhauer, Jacob"]
[Result "1-0"]
[Termination "normal"]
[Board "1.2"]
[WhiteElo "2055"]
[BlackElo "2062"]
[WhiteClock "00:01:48"]
[BlackClock "00:00:40"]
[WhiteTeam "SF Brackel"]
[BlackTeam "SG Leipzig"]
[PlyCount "81"]
[WhiteFideId "12939536"]
[BlackFideId "12990167"]
[EventCountry "GER"]
[EventRounds "7"]
[EventType "team-swiss"]
[EventDate "2018.12.26"]

1. e4 {[%clk 01:30:32]} {[%emt 00:00:27]} c5 {[%clk 01:30:53]} {[%emt
00:00:08]} 2. Nf3 {[%clk 01:30:54]} {[%emt 00:00:07]} e6 {[%clk 01:31:17]}
{[%emt 00:00:07]} 3. b3 {[%clk 01:31:20]} {[%emt 00:00:05]} Nc6 {[%clk
01:27:04]} {[%emt 00:04:42]} 4. Bb2 {[%clk 01:31:43]} {[%emt 00:00:07]} Nf6
{[%clk 01:17:41]} {[%emt 00:09:53]} 5. Nc3 {[%clk 01:28:59]} {[%emt 00:03:14]}
a6 {[%clk 01:16:10]} {[%emt 00:02:01]} 6. d4 {[%clk 01:23:02]} {[%emt
00:06:27]} cxd4 {[%clk 01:15:39]} {[%emt 00:01:01]} 7. Nxd4 {[%clk 01:23:31]}
{[%emt 00:00:01]} Qc7 {[%clk 01:13:13]} {[%emt 00:02:56]} 8. Be2 {[%clk
01:17:22]} {[%emt 00:06:39]} Bb4 {[%clk 00:52:51]} {[%emt 00:20:52]} 9. O-O
{[%clk 01:07:10]} {[%emt 00:10:42]} O-O {[%clk 00:52:56]} {[%emt 00:00:25]} 10.
Nxc6 {[%clk 00:46:06]} {[%emt 00:21:34]} dxc6 {[%clk 00:44:42]} {[%emt
00:08:43]} 11. Qd4 {[%clk 00:40:23]} {[%emt 00:06:13]} Bd6 {[%clk 00:44:07]}
{[%emt 00:00:57]} 12. g3 {[%clk 00:36:43]} {[%emt 00:04:19]} e5 {[%clk
00:43:10]} {[%emt 00:01:26]} 13. Qe3 {[%clk 00:37:00]} {[%emt 00:00:13]} Bh3
{[%clk 00:36:56]} {[%emt 00:06:44]} 14. Rfd1 {[%clk 00:37:17]} {[%emt
00:00:13]} Rad8 {[%clk 00:36:12]} {[%emt 00:01:13]} 15. Rd3 {[%clk 00:28:29]}
{[%emt 00:09:20]} Qe7 {[%clk 00:31:43]} {[%emt 00:04:59]} 16. Qg5 {[%clk
00:17:38]} {[%emt 00:11:21]} h6 {[%clk 00:24:31]} {[%emt 00:07:41]} 17. Qh4
{[%clk 00:13:58]} {[%emt 00:04:10]} Bc8 {[%clk 00:24:15]} {[%emt 00:00:47]} 18.
Kg2 {[%clk 00:13:19]} {[%emt 00:01:09]} Bc7 {[%clk 00:14:57]} {[%emt 00:09:48]}
19. f4 {[%clk 00:11:02]} {[%emt 00:02:47]} Rxd3 {[%clk 00:10:23]} {[%emt
00:05:03]} 20. cxd3 {[%clk 00:09:49]} {[%emt 00:01:44]} Qc5 {[%clk 00:10:29]}
{[%emt 00:00:24]} 21. Rf1 {[%clk 00:07:46]} {[%emt 00:02:32]} Qe3 {[%clk
00:09:32]} {[%emt 00:01:26]} 22. Bc1 {[%clk 00:07:39]} {[%emt 00:00:37]} Qd4
{[%clk 00:08:28]} {[%emt 00:01:31]} 23. Bb2 {[%clk 00:06:40]} {[%emt 00:01:34]}
Ba5 {[%clk 00:07:15]} {[%emt 00:01:41]} 24. Nd1 {[%clk 00:06:58]} {[%emt
00:00:14]} Qb4 {[%clk 00:06:54]} {[%emt 00:00:51]} 25. Bxe5 {[%clk 00:05:20]}
{[%emt 00:02:08]} Qd2 {[%clk 00:06:12]} {[%emt 00:01:11]} 26. Rf2 {[%clk
00:05:12]} {[%emt 00:00:33]} Bb6 {[%clk 00:06:19]} {[%emt 00:00:29]} 27. Bxf6
{[%clk 00:02:54]} {[%emt 00:02:48]} Bxf2 {[%clk 00:05:04]} {[%emt 00:01:45]}
28. Kxf2 {[%clk 00:03:07]} {[%emt 00:00:18]} gxf6 {[%clk 00:05:06]} {[%emt
00:00:27]} 29. Ne3 {[%clk 00:02:51]} {[%emt 00:00:46]} Kg7 {[%clk 00:04:52]}
{[%emt 00:00:43]} 30. e5 {[%clk 00:01:33]} {[%emt 00:01:49]} fxe5 {[%emt
00:00:38]} 31. f5 f6 {[%clk 00:01:21]} {[%emt 00:03:52]} 32. Qg4+ {[%clk
00:02:26]} {[%emt 00:00:07]} Kf7 {[%clk 00:01:51]} 33. Qg6+ {[%clk 00:02:44]}
{[%emt 00:00:12]} Ke7 {[%clk 00:02:19]} {[%emt 00:00:01]} 34. Qg7+ {[%clk
00:02:59]} {[%emt 00:00:15]} Rf7 {[%clk 00:02:48]} {[%emt 00:00:02]} 35. Qxh6
{[%clk 00:02:50]} {[%emt 00:00:38]} Qc3 {[%clk 00:03:17]} 36. Bh5 {[%clk
00:02:26]} {[%emt 00:00:55]} Qd2+ {[%clk 00:03:05]} {[%emt 00:00:42]} 37. Kf3
{[%clk 00:02:55]} Qxh2 {[%emt 00:00:05]} 38. Qg6 {[%clk 00:02:48]} {[%emt
00:00:34]} e4+ {[%clk 00:01:49]} {[%emt 00:02:13]} 39. Kxe4 {[%clk 00:03:17]}
{[%emt 00:00:02]} Qh1+ {[%clk 00:02:06]} {[%emt 00:00:12]} 40. Kf4 {[%clk
00:02:27]} {[%emt 00:01:20]} Qh2 {[%clk 00:00:40]} {[%emt 00:01:55]} 41. Qxf7+
{[%clk 00:01:48]} {[%emt 00:01:10]} 1-0

[Event "DVM U16 2018"]
[Site "Aurich GER"]
[Date "2018.12.30"]
[Round "7"]
[White "Haufe, Laurin"]
[Black "Kracht, Raphael"]
[Result "1/2-1/2"]
[Termination "normal"]
[Board "1.3"]
[WhiteElo "1966"]
[BlackElo "2047"]
[WhiteClock "00:32:46"]
[BlackClock "00:00:42"]
[WhiteTeam "SG Leipzig"]
[BlackTeam "SF Brackel"]
[PlyCount "78"]
[WhiteFideId "12976504"]
[BlackFideId "16214382"]
[EventCountry "GER"]
[EventRounds "7"]
[EventType "team-swiss"]
[EventDate "2018.12.26"]

1. e4 {[%clk 01:30:55]} {[%emt 00:00:04]} e5 {[%clk 01:30:54]} {[%emt
00:00:05]} 2. Nf3 {[%clk 01:31:22]} {[%emt 00:00:04]} Nc6 {[%clk 01:31:20]}
{[%emt 00:00:04]} 3. d4 {[%clk 01:31:51]} {[%emt 00:00:02]} exd4 {[%clk
01:31:43]} {[%emt 00:00:06]} 4. Nxd4 {[%clk 01:32:16]} {[%emt 00:00:05]} Nf6
{[%clk 01:32:09]} {[%emt 00:00:04]} 5. Nxc6 {[%clk 01:32:38]} {[%emt 00:00:08]}
bxc6 {[%clk 01:32:36]} {[%emt 00:00:03]} 6. e5 {[%clk 01:33:02]} {[%emt
00:00:06]} Qe7 {[%clk 01:33:02]} {[%emt 00:00:03]} 7. Qe2 {[%clk 01:33:28]}
{[%emt 00:00:05]} Nd5 {[%clk 01:33:30]} {[%emt 00:00:02]} 8. c4 {[%clk
01:33:51]} {[%emt 00:00:06]} Ba6 {[%clk 01:33:59]} {[%emt 00:00:02]} 9. b3
{[%clk 01:34:13]} {[%emt 00:00:08]} g6 {[%clk 01:34:22]} {[%emt 00:00:07]} 10.
f4 {[%clk 01:34:37]} {[%emt 00:00:06]} Bg7 {[%clk 01:17:44]} {[%emt 00:17:08]}
11. Qf2 {[%clk 01:35:02]} {[%emt 00:00:05]} Nf6 {[%clk 01:13:47]} {[%emt
00:04:27]} 12. Be2 {[%clk 01:34:43]} {[%emt 00:00:49]} Ne4 {[%clk 01:12:53]}
{[%emt 00:01:24]} 13. Qe3 {[%clk 01:35:07]} {[%emt 00:00:06]} f5 {[%clk
01:06:33]} {[%emt 00:06:51]} 14. Ba3 {[%clk 01:34:20]} {[%emt 00:01:16]} d6
{[%clk 01:05:49]} {[%emt 00:01:13]} 15. Nd2 {[%clk 01:31:34]} {[%emt 00:03:16]}
Nxd2 {[%clk 01:00:42]} {[%emt 00:05:37]} 16. Qxd2 {[%clk 01:31:33]} {[%emt
00:00:32]} O-O {[%clk 00:47:08]} {[%emt 00:14:03]} 17. O-O {[%clk 01:27:54]}
{[%emt 00:04:09]} c5 {[%clk 00:39:50]} {[%emt 00:07:48]} 18. Bf3 {[%clk
01:19:58]} {[%emt 00:08:26]} Rad8 {[%clk 00:39:40]} {[%emt 00:00:40]} 19. Qa5
{[%clk 01:18:44]} {[%emt 00:01:45]} Bc8 {[%clk 00:39:27]} {[%emt 00:00:42]} 20.
Qxa7 {[%clk 01:17:28]} {[%emt 00:01:47]} g5 {[%clk 00:25:05]} {[%emt 00:14:52]}
21. g3 {[%clk 01:11:07]} {[%emt 00:06:51]} Kh8 {[%clk 00:18:31]} {[%emt
00:07:03]} 22. Kh1 {[%clk 01:03:55]} {[%emt 00:07:43]} gxf4 {[%clk 00:15:54]}
{[%emt 00:03:07]} 23. exd6 {[%clk 01:01:42]} {[%emt 00:02:43]} Qg5 {[%clk
00:15:42]} {[%emt 00:00:42]} 24. gxf4 {[%clk 00:57:37]} {[%emt 00:04:34]} Qxf4
{[%clk 00:14:46]} {[%emt 00:01:26]} 25. Bg2 {[%clk 00:56:59]} {[%emt 00:01:09]}
Qh4 {[%clk 00:13:13]} {[%emt 00:02:02]} 26. Bxc5 {[%clk 00:50:48]} {[%emt
00:06:42]} Be5 {[%clk 00:11:50]} {[%emt 00:01:52]} 27. Bg1 {[%clk 00:50:58]}
{[%emt 00:00:20]} Bxa1 {[%clk 00:08:28]} {[%emt 00:03:52]} 28. Rxa1 {[%clk
00:51:23]} {[%emt 00:00:06]} Rxd6 {[%clk 00:06:31]} {[%emt 00:02:27]} 29. Bc5
{[%clk 00:46:24]} {[%emt 00:05:29]} Qf6 {[%clk 00:01:09]} {[%emt 00:05:52]} 30.
Rg1 {[%clk 00:45:10]} {[%emt 00:01:44]} Ra6 {[%clk 00:00:43]} {[%emt 00:00:56]}
31. Qxc7 {[%clk 00:45:25]} {[%emt 00:00:14]} Rg8 {[%clk 00:00:36]} {[%emt
00:00:37]} 32. Rd1 {[%clk 00:44:46]} {[%emt 00:01:10]} Rxa2 {[%clk 00:00:41]}
{[%emt 00:00:25]} 33. Qf4 {[%clk 00:36:34]} {[%emt 00:08:41]} Ra1 {[%clk
00:00:35]} {[%emt 00:00:36]} 34. Qd2 {[%clk 00:36:45]} {[%emt 00:00:19]} Rxd1+
{[%clk 00:00:46]} {[%emt 00:00:19]} 35. Qxd1 {[%clk 00:37:10]} {[%emt
00:00:05]} Rd8 {[%clk 00:00:41]} {[%emt 00:00:36]} 36. Bd5 {[%clk 00:37:35]}
{[%emt 00:00:05]} Rxd5 {[%clk 00:00:36]} {[%emt 00:00:36]} 37. cxd5 {[%clk
00:37:32]} {[%emt 00:00:32]} Kg8 {[%clk 00:00:48]} {[%emt 00:00:18]} 38. b4
{[%clk 00:37:06]} {[%emt 00:00:55]} Bb7 {[%clk 00:00:57]} {[%emt 00:00:22]} 39.
Qd4 {[%clk 00:32:46]} {[%emt 00:04:50]} Qd8 {[%clk 00:00:42]} {[%emt 00:00:45]}
1/2-1/2

[Event "DVM U16 2018"]
[Site "Aurich GER"]
[Date "2018.12.30"]
[Round "7"]
[White "Seref, Erdogan"]
[Black "Enxing, Philemon"]
[Result "1/2-1/2"]
[Termination "normal"]
[Board "1.4"]
[WhiteElo "2015"]
[BlackElo "1805"]
[WhiteClock "00:09:21"]
[BlackClock "00:08:06"]
[WhiteTeam "SF Brackel"]
[BlackTeam "SG Leipzig"]
[PlyCount "98"]
[WhiteFideId "16206827"]
[BlackFideId "16217632"]
[EventCountry "GER"]
[EventRounds "7"]
[EventType "team-swiss"]
[EventDate "2018.12.26"]

1. Nf3 {[%clk 01:30:45]} {[%emt 00:00:14]} Nf6 {[%clk 01:30:50]} {[%emt
00:00:11]} 2. g3 {[%clk 01:30:58]} {[%emt 00:00:17]} g6 {[%clk 01:31:01]}
{[%emt 00:00:19]} 3. Bg2 {[%clk 01:31:11]} {[%emt 00:00:16]} Bg7 {[%clk
01:31:23]} {[%emt 00:00:08]} 4. O-O {[%clk 01:31:34]} {[%emt 00:00:08]} O-O
{[%clk 01:31:44]} {[%emt 00:00:09]} 5. c4 {[%clk 01:31:56]} {[%emt 00:00:08]}
d6 {[%clk 01:29:39]} {[%emt 00:02:35]} 6. Nc3 {[%clk 01:32:12]} {[%emt
00:00:13]} c5 {[%clk 01:26:58]} {[%emt 00:03:12]} 7. Rb1 {[%clk 01:30:02]}
{[%emt 00:02:40]} Nc6 {[%clk 01:25:35]} {[%emt 00:01:53]} 8. a3 {[%clk
01:28:11]} {[%emt 00:02:21]} a5 {[%clk 01:14:53]} {[%emt 00:11:12]} 9. d3
{[%clk 01:25:12]} {[%emt 00:03:29]} Rb8 {[%clk 01:14:21]} {[%emt 00:01:02]} 10.
Ne1 {[%clk 01:23:49]} {[%emt 00:01:52]} Be6 {[%clk 01:05:22]} {[%emt 00:09:29]}
11. Nd5 {[%clk 01:15:03]} {[%emt 00:09:17]} Bxd5 {[%clk 01:00:51]} {[%emt
00:05:01]} 12. cxd5 {[%clk 01:15:27]} {[%emt 00:00:06]} Na7 {[%clk 01:00:55]}
{[%emt 00:00:26]} 13. Nc2 {[%clk 01:12:46]} {[%emt 00:03:11]} b5 {[%clk
00:52:18]} {[%emt 00:09:07]} 14. b4 {[%clk 01:07:55]} {[%emt 00:05:20]} axb4
{[%clk 00:30:12]} {[%emt 00:22:36]} 15. axb4 {[%clk 01:08:14]} {[%emt
00:00:11]} c4 {[%clk 00:29:15]} {[%emt 00:01:28]} 16. e4 {[%emt 00:04:49]} Qc7
{[%clk 00:21:53]} {[%emt 00:06:53]} 17. d4 {[%clk 00:59:00]} {[%emt 00:06:24]}
Nc8 {[%clk 00:19:42]} {[%emt 00:02:41]} 18. e5 {[%clk 00:55:03]} {[%emt
00:04:26]} Ne8 {[%clk 00:18:19]} {[%emt 00:01:54]} 19. f4 {[%clk 00:52:41]}
{[%emt 00:02:51]} Nb6 {[%clk 00:18:30]} {[%emt 00:00:19]} 20. Na3 {[%clk
00:48:59]} {[%emt 00:04:13]} Nd7 {[%clk 00:18:32]} {[%emt 00:00:28]} 21. Re1
{[%clk 00:47:12]} {[%emt 00:02:16]} Qb6 {[%clk 00:18:18]} {[%emt 00:00:45]} 22.
Kh1 {[%clk 00:45:03]} {[%emt 00:02:39]} Nc7 {[%clk 00:18:18]} {[%emt 00:00:30]}
23. Rb2 {[%clk 00:37:59]} {[%emt 00:07:34]} Qa6 {[%clk 00:15:08]} {[%emt
00:03:40]} 24. Nb1 {[%clk 00:38:00]} {[%emt 00:00:28]} Nb6 {[%clk 00:08:07]}
{[%emt 00:07:31]} 25. Nc3 {[%clk 00:36:18]} {[%emt 00:02:12]} Qc8 {[%clk
00:07:36]} {[%emt 00:01:02]} 26. Rf2 {[%clk 00:33:33]} {[%emt 00:03:14]} Ra8
{[%clk 00:06:14]} {[%emt 00:01:52]} 27. f5 {[%clk 00:28:49]} {[%emt 00:05:14]}
gxf5 {[%clk 00:03:54]} {[%emt 00:02:50]} 28. Bg5 {[%clk 00:27:59]} {[%emt
00:01:21]} f6 {[%clk 00:03:13]} {[%emt 00:01:11]} 29. exd6 {[%clk 00:26:06]}
{[%emt 00:02:22]} exd6 {[%clk 00:03:34]} {[%emt 00:00:10]} 30. Bf4 {[%clk
00:26:01]} {[%emt 00:00:34]} Ra3 {[%clk 00:03:38]} {[%emt 00:00:27]} 31. Bxd6
{[%clk 00:23:06]} {[%emt 00:03:24]} Rxc3 {[%clk 00:03:39]} {[%emt 00:00:30]}
32. Bh3 {[%clk 00:18:04]} {[%emt 00:05:32]} Ncxd5 {[%clk 00:03:19]} {[%emt
00:00:50]} 33. Bxf8 {[%clk 00:14:18]} {[%emt 00:04:15]} Qxf8 {[%clk 00:03:45]}
{[%emt 00:00:05]} 34. Rfe2 {[%clk 00:13:14]} {[%emt 00:01:34]} Nc7 {[%clk
00:03:17]} {[%emt 00:00:57]} 35. Bxf5 {[%clk 00:11:36]} {[%emt 00:02:09]} Bh6
{[%clk 00:03:37]} {[%emt 00:00:09]} 36. Re7 {[%clk 00:07:52]} {[%emt 00:04:14]}
Nbd5 {[%clk 00:01:41]} {[%emt 00:02:27]} 37. Qg4+ {[%clk 00:05:53]} {[%emt
00:02:28]} Bg5 {[%clk 00:01:58]} {[%emt 00:00:13]} 38. Re8 {[%clk 00:04:26]}
{[%emt 00:01:58]} Nxe8 {[%clk 00:01:40]} {[%emt 00:00:48]} 39. Qh5 {[%clk
00:04:49]} {[%emt 00:00:06]} Bh6 {[%clk 00:00:52]} {[%emt 00:01:18]} 40. Rxe8
{[%clk 00:04:58]} {[%emt 00:00:21]} Rc1+ {[%clk 00:00:58]} {[%emt 00:00:24]}
41. Kg2 {[%clk 00:05:10]} {[%emt 00:00:18]} Ne3+ {[%clk 00:29:56]} {[%emt
00:02:01]} 42. Rxe3 {[%clk 00:29:40]} {[%emt 00:07:01]} Kg7 {[%clk 00:20:16]}
{[%emt 00:10:11]} 43. Ra3 {[%clk 00:21:38]} {[%emt 00:08:32]} Re1 {[%clk
00:13:24]} {[%emt 00:07:21]} 44. Qg4+ {[%clk 00:18:23]} {[%emt 00:03:45]} Kh8
{[%clk 00:09:15]} {[%emt 00:04:39]} 45. Be4 {[%clk 00:17:33]} {[%emt 00:01:20]}
Qxb4 {[%clk 00:08:40]} {[%emt 00:01:06]} 46. Ra8+ {[%clk 00:13:10]} {[%emt
00:04:53]} Bf8 {[%clk 00:09:05]} {[%emt 00:00:04]} 47. Qf5 {[%clk 00:11:32]}
{[%emt 00:02:08]} Qd2+ {[%clk 00:08:28]} {[%emt 00:01:07]} 48. Kh3 {[%clk
00:10:18]} {[%emt 00:01:45]} Qh6+ {[%clk 00:08:20]} {[%emt 00:00:37]} 49. Kg4
{[%clk 00:09:21]} {[%emt 00:01:27]} Qg7+ {[%clk 00:08:06]} 1/2-1/2

[Event "DVM U16 2018"]
[Site "Aurich GER"]
[Date "2018.12.30"]
[Round "7"]
[White "Engel, Luis"]
[Black "Stelmaszyk, Nico"]
[Result "1-0"]
[Termination "normal"]
[Board "2.1"]
[WhiteTitle "IM"]
[WhiteElo "2466"]
[BlackElo "1902"]
[WhiteClock "00:37:27"]
[BlackClock "00:27:41"]
[WhiteTeam "Hamburger SK"]
[BlackTeam "SK Lehrte"]
[PlyCount "67"]
[WhiteFideId "12961523"]
[BlackFideId "16200462"]
[EventCountry "GER"]
[EventRounds "7"]
[EventType "team-swiss"]
[EventDate "2018.12.26"]

1. e4 {[%clk 01:30:58]} {[%emt 00:00:01]} e6 {[%clk 01:30:56]} {[%emt
00:00:05]} 2. d4 {[%clk 01:31:18]} {[%emt 00:00:09]} d5 {[%clk 01:31:21]}
{[%emt 00:00:05]} 3. Nd2 {[%clk 01:31:43]} {[%emt 00:00:06]} a5 {[%clk
01:31:46]} {[%emt 00:00:04]} 4. Ngf3 {[%clk 01:31:06]} {[%emt 00:01:06]} Nf6
{[%clk 01:32:10]} {[%emt 00:00:07]} 5. e5 {[%clk 01:27:36]} {[%emt 00:04:00]}
Nfd7 {[%clk 01:32:34]} {[%emt 00:00:06]} 6. c4 {[%clk 01:27:23]} {[%emt
00:00:44]} c5 {[%clk 01:30:35]} {[%emt 00:02:28]} 7. cxd5 {[%clk 01:27:00]}
{[%emt 00:00:52]} exd5 {[%clk 01:30:59]} {[%emt 00:00:07]} 8. Bd3 {[%clk
01:25:11]} {[%emt 00:02:19]} Nc6 {[%clk 01:29:35]} {[%emt 00:01:54]} 9. O-O
{[%clk 01:24:30]} {[%emt 00:01:10]} Be7 {[%clk 01:26:29]} {[%emt 00:03:37]} 10.
Re1 {[%clk 01:23:19]} {[%emt 00:01:41]} O-O {[%clk 01:25:14]} {[%emt 00:01:45]}
11. h3 {[%clk 01:13:33]} {[%emt 00:10:17]} Re8 {[%clk 01:19:31]} {[%emt
00:06:12]} 12. Nf1 {[%clk 01:05:14]} {[%emt 00:08:49]} Nf8 {[%clk 01:14:57]}
{[%emt 00:05:04]} 13. dxc5 {[%clk 01:01:39]} {[%emt 00:04:04]} Bxc5 {[%clk
01:14:51]} {[%emt 00:00:36]} 14. Bf4 {[%clk 00:55:17]} {[%emt 00:06:53]} b6
{[%clk 01:01:59]} {[%emt 00:13:22]} 15. Ne3 {[%clk 00:53:48]} {[%emt 00:01:58]}
Bxe3 {[%clk 00:52:16]} {[%emt 00:10:14]} 16. Rxe3 {[%clk 00:53:43]} {[%emt
00:00:34]} d4 {[%clk 00:47:06]} {[%emt 00:05:41]} 17. Re1 {[%clk 00:52:18]}
{[%emt 00:01:55]} Ba6 {[%clk 00:46:17]} {[%emt 00:01:19]} 18. Rc1 {[%clk
00:49:10]} {[%emt 00:03:37]} Nb4 {[%clk 00:37:17]} {[%emt 00:09:31]} 19. Bxa6
{[%clk 00:45:07]} {[%emt 00:04:33]} Rxa6 {[%clk 00:37:25]} {[%emt 00:00:22]}
20. a3 {[%clk 00:45:01]} {[%emt 00:00:35]} Ne6 {[%clk 00:36:41]} {[%emt
00:01:14]} 21. Bg3 {[%clk 00:44:37]} {[%emt 00:00:55]} Nd5 {[%clk 00:35:59]}
{[%emt 00:01:12]} 22. Nxd4 {[%clk 00:44:55]} {[%emt 00:00:13]} Nxd4 {[%clk
00:34:59]} {[%emt 00:01:29]} 23. Qxd4 {[%clk 00:45:12]} {[%emt 00:00:13]} Ra7
{[%clk 00:34:54]} {[%emt 00:00:35]} 24. Red1 {[%clk 00:43:36]} {[%emt
00:02:06]} Rd7 {[%clk 00:34:17]} {[%emt 00:01:07]} 25. Rc6 {[%clk 00:42:03]}
{[%emt 00:02:02]} Re6 {[%clk 00:32:12]} {[%emt 00:02:36]} 26. Rd6 {[%clk
00:41:37]} {[%emt 00:00:56]} Rdxd6 {[%clk 00:31:19]} {[%emt 00:01:23]} 27. exd6
{[%clk 00:42:00]} {[%emt 00:00:08]} Nf6 {[%clk 00:31:25]} {[%emt 00:00:24]} 28.
Bh4 {[%clk 00:40:30]} {[%emt 00:01:59]} h6 {[%clk 00:29:33]} {[%emt 00:02:22]}
29. Bxf6 {[%clk 00:40:37]} {[%emt 00:00:23]} Rxf6 {[%clk 00:29:53]} {[%emt
00:00:09]} 30. d7 {[%clk 00:39:01]} {[%emt 00:02:07]} Rc6 {[%clk 00:27:05]}
{[%emt 00:03:19]} 31. Re1 {[%clk 00:38:20]} {[%emt 00:01:10]} Kh7 {[%clk
00:27:16]} {[%emt 00:00:19]} 32. Re8 {[%clk 00:37:18]} {[%emt 00:01:32]} Rc1+
{[%clk 00:27:21]} {[%emt 00:00:25]} 33. Kh2 {[%clk 00:37:43]} {[%emt 00:00:05]}
Qc7+ {[%clk 00:27:41]} {[%emt 00:00:09]} 34. f4 {[%clk 00:37:27]} {[%emt
00:00:47]} 1-0